Jaroslav Podmol : keramika : katalog výstavy, Cheb září-listopad 1987 /

Hlavní autor: Podmol, Jaroslav, 1925-1995
Korporativní autor: Galerie výtvarného umění (Cheb, Česko)
Další autoři: Růžička, Milouš, 1947-
Jazyk: Čeština
Vydáno: Cheb : Galerie výtvarného umění, 1987
Témata:
Fyzický popis: [8] s. : il. ; 20 cm
Knihy
Uloženo v:
LEADER 01462nam a22003732a 4500
001 001915700
003 CZ BrMZK
005 20241113122331.0
007 ta
008 241113s1987 xr a er|||||||||||cze d
015 |z cnb000035242 
020 |q (Brož.) 
035 |a (OCoLC)39414629 
040 |a ABA001  |b cze  |d ABA001 
072 7 |a 73  |x Sochařství, keramika, porcelán, umělecké zpracování kovů  |2 Konspekt  |9 21 
080 |a 738.071.1  |2 MRF 
080 |a 738  |2 MRF 
080 |a (083.824)  |2 MRF 
100 1 |a Podmol, Jaroslav,  |d 1925-1995  |7 jn19990009954  |4 art 
245 1 0 |a Jaroslav Podmol :  |b keramika : katalog výstavy, Cheb září-listopad 1987 /  |c text Milouš Růžička ; fot. Milan Balík ... [et al.] ; graf. úprava Jiří Hanuš 
260 |a Cheb :  |b Galerie výtvarného umění,  |c 1987  |e (Praha :  |f PG) 
300 |a [8] s. :  |b il. ;  |c 20 cm 
500 |a Samostatné výstavy 
500 |a Životopisná data 
600 1 7 |a Podmol, Jaroslav,  |d 1925-1995  |7 jn19990009954  |2 czenas 
650 0 7 |a keramici  |7 ph567289  |z Česko  |y 20. století  |2 czenas 
650 0 7 |a keramika  |7 ph121575  |2 czenas 
655 7 |a katalogy výstav  |7 fd132536  |2 czenas 
700 1 |a Růžička, Milouš,  |d 1947-  |7 jn20001103775  |4 aut 
710 2 |a Galerie výtvarného umění (Cheb, Česko)  |7 mzk2007378287 
910 |a BOA001  |b X-1536.278 
990 |a BK 
991 |b 202410 
996 6 |b 2610985747  |c X-1536.278  |l MZK  |r Sklad / do 24 hodin  |n 0  |p dar  |w 001984989  |u 000010  |a 1  |e BOA001  |j MZK50  |s P